| 000 | 00504nam a2200181 a 4500 | ||
|---|---|---|---|
| 001 | 11646 | ||
| 003 | CO-ViMGA | ||
| 008 | 141112s2004 ck r 000 u spa d | ||
| 040 |
_aCO-ViMGA _bspa _cCO-ViMGA |
||
| 082 | 0 | 4 | _aCo861.6 V45p3 |
| 100 | 1 |
_aVillamizar Melo, Jose Luis _916247 |
|
| 245 | 1 | 0 | _aPatria elemental |
| 260 |
_aCĂșcuta, _cImprenta departamental, _c1984 |
||
| 300 | _a37 p. | ||
| 650 | 1 | 4 |
_aNORTE DE SANTANDER COLOMBIA - POESIA _916248 |
| 650 | 1 | 4 |
_aPOESIA COLOMBIANA _91069 |
| 942 |
_2ddc _cBK |
||
| 999 |
_c22833 _d22833 |
||